000 00507nam a2200193Ia 4500
005 20250326145455.0
008 250326s9999 xx 000 0 und d
037 _aTextbook
040 _aFMSL
_beng
_cFMSL
041 _aeng
_2eng
084 _qFMSL
100 _aBren R
_9750134
245 0 _aBusiness to business marketing
_cBren R And Others
260 _aNew Delhi
_bNew Delhi, Sage
_c2014
365 _b3938.3200000000002
650 _aManagement
942 _cTB
999 _c1307702
_d1307702